Optimal wellness

This empowering self-care guide challenges the "crisis/disease" orientation of modern medicine -- prescription drugs, expensive surgery, and high-tech intervention -- and points the way to a more comprehensive system of health care that heals the whole person.

Sparad:
Bibliografiska uppgifter
Huvudupphovsman: Golan, Ralph
Materialtyp: Bok
Språk:Undetermined
Publicerad: New York Ballantine Books 1995
Ämnen:
Taggar: Lägg till en tagg
Inga taggar, Lägg till första taggen!
Thư viện lưu trữ: Trung tâm Học liệu Trường Đại học Cần Thơ
LEADER 00733nam a2200193Ia 4500
001 CTU_230299
008 210402s9999 xx 000 0 und d
082 |a 613 
082 |b G617 
100 |a Golan, Ralph 
245 0 |a Optimal wellness 
245 0 |c Ralph Golan 
260 |a New York 
260 |b Ballantine Books 
260 |c 1995 
520 |a This empowering self-care guide challenges the "crisis/disease" orientation of modern medicine -- prescription drugs, expensive surgery, and high-tech intervention -- and points the way to a more comprehensive system of health care that heals the whole person. 
650 |a Sức khỏe,Health 
910 |b dqhieu 
980 |a Trung tâm Học liệu Trường Đại học Cần Thơ